000 00433nam a22001577a 4500
003 0
005 20220114142149.0
008 0
040 _c0
050 _aLB1025.2
_b.H6321 1984
100 _aHidalgo, Fe.S.J.
245 _aFor the filipino teacher: tips on how to teach effectively.
_btips on how to teach effectively/
_cFe S.J. Hidalgo.
260 _aManila:
_bRex Book Store
_cc1984
300 _a211 pages;
_c23 cm.
942 _2lcc
_cF
999 _c2496
_d2496